| 000 | 00552nam a22001937a 4500 | ||
|---|---|---|---|
| 005 | 20240320103617.0 | ||
| 010 | _aENG-139784 | ||
| 020 |
_a9789354426902 _c525.00 |
||
| 035 | _aEN-123316 | ||
| 037 | _bDBAD/PUB | ||
| 082 |
_aN _21 |
||
| 100 |
_aSivakami, P. _963587 |
||
| 245 |
_aThe Grip of Change/ _cBy P. Sivakami |
||
| 250 | _a1 | ||
| 260 |
_aHyderabad _bOrient Blackswan Private Ltd _c2024 |
||
| 270 |
_a3-6-752, Himayatnagar _bHyderabad _e500029 _minfo@orintblackswan.com |
||
| 300 |
_aviii,207p. _c21cm(pbk) |
||
| 942 |
_2ddc _hN _cEN _mSIV _e1 |
||
| 999 |
_c201602 _d201602 |
||